000 00851nam a2200253 i 4500
001 133617
003 ES-MaACL
005 20250727154947.0
007 t|
008 070822s1989 fr d |||| | fre d
020 _a2-03-740016-0
080 _a75(460)(038)
080 _a75(469)(038)
245 0 0 _aDictionnaire de la peinture espagnole et portugaise
_b: du Moyen age áa nos jours /
_cpréface d'Alfonso E. Pérez Sánchez.
260 _aParis :
_bLarousse,
_c[1989]
300 _a319 p. ;
_c22 cm.
490 1 _aEssentiels
650 4 _aPintura española-
_vDiccionarios.
_916034
650 1 4 _aPintura portuguesa-
_vDiccionarios.
_916071
700 1 _aPérez Sánchez, Alfonso E.,
_d1935-2010
_991143
830 0 _aEssentiels
_9185197
852 _aES-MaACL
_jE-11999
_z. - Biblioteca Jacinto Martínez Lacalle
999 _c133617
_d133617